000 00926cam a22002891 4500
001 20669
003 BD-RjUL
005 20211209000608.0
008 140302r19521939enk b 001 0 eng
035 _a(BD-RjUL)20731
035 _a(OCoLC)3098431
040 _aDLC
_cTxWB
_dOCoLC
_dDLC
_dBD-RjUL
_beng
041 0 _aengang
082 _a829.5
_bSER
100 0 _aWulfstan,
_d-1023.
_963779
245 1 0 _aSermo Lupi ad Anglos /
_cedited by Dorothy Whitelock.
260 _aLondon :
_bMethuen & co., ltd.,
_c1939 [reprinted 1952]
300 _aviii, 75 p. ;
_c19 cm.
490 0 _aMethuen's Old English library. [B. Prose selections. 3]
500 _a"First published in 1939."
504 _aIncludes Bibliography: p. 43-46 and index.
650 _aAnalogs
_963780
700 1 _aWhitelock, Dorothy,
_eed.
_962776
942 _2ddc
_cBK
999 _c20669
_d20669